000 00840nam a2200229 u 4500
001 000742037
003 AM-YeHGA
005 20250617143409.0
008 100610s1983 |||| |||||||||||||rus d
040 _aAM-YeHGA
041 0 _arus
100 1 _aМалюгин, Леонид Антонович
245 1 0 _aЧехов :
_bПовесть-хроника /
_cЛ. Малюгин, И. Гитович; Ред. М.И. Самойлова.
260 _aМосква :
_bСов. писатель,
_c1983.
300 _a576 с. ;
_c21 см.
600 0 4 _aЧехов, Антон Павлович
650 1 4 _aПисатели русские (х. л.)
650 1 4 _aРоссия, 19-20 вв. (х. л.)
700 1 _aГитович, Ирина Евгеньевна
700 1 _aСамойлова, М.И.
_eред.
_4edt
090 _c276091
999 _c274447
_d274447